000 01205nam0a22002651 4500
001 rc\2264067
005 20260407130435.0
035 _a(NLR Aleph) 006658666
090 _a4870931
_c4870931
100 _a20110829d1978 |||y0rusy50 ca
101 0 _arus
102 _aRU
105 _ay z |||||
200 1 _aНеравенства, системы неравенств в курсе алгебры 7 класса
_e(Метод. рекомендации для учителей математики сред. школы)
_fЛенингр. отд-ние Пед. о-ва РСФСР. Секция методики преподавания математики
210 _aЛенинград
_cБ. и.
_d1978
215 _a[2], 32 с.
_cграф.
_d20
300 _aНа обороте тит. л. сост.: Т.Ф. Кириченко
702 1 _aКириченко
_bТ.Ф.
_4220
712 0 2 _aПедагогическое общество РСФСР
_bЛенинградское областное отделение
_3RU\NLR\AUTH\889977608
_9451938
801 0 _aRU
_bNLR
_gpsbo
801 1 _aRU
_bELAR
_2rusmarc
852 _aNLR
_j78-4/17570
899 _aRuMoRGB
_jM 78-11/2315
942 _cBOOK
980 _aNB